V dave proti davu

Podrobná bibliografia
Hlavný autor: Horský, Ján B. (Autor)
Médium: Článok
Jazyk:slovenčina
Predmet:

MARC

LEADER 00000nab a2200000 a 4500
001 vtls000520006
003 SK-MaSNL
005 20260303010604.0
008 120928c1994 xo 0 slo
015 |a SNBRB19rr/mm-uuuuu 
035 |a CL0520144 
040 |a SNKBUCL  |b slo  |c SNKBUCL  |e AACR2 
041 0 |a slo 
044 |a xo  |c SK 
080 |a 301.182:159.9  |2 1981 
080 |a 159.9  |2 1981 
080 |a 301.152  |2 1981 
100 1 |a Horský, Ján B.  |4 aut  |9 979857 
245 1 0 |a V dave proti davu  |c Ján B. Horský 
650 0 7 |a psychóza davová  |2 snkbucl  |9 945279 
650 0 7 |a psychológia davu  |2 snkbucl  |9 988204 
655 7 |a články z novín a časopisov  |2 snkbucl  |9 267496 
773 0 |t Nedeľná Pravda  |g Roč. 3, č. 22 (1994), s. 4 
850 |a Slovenská národná knižnica v Martine  |a MTA001 
852 |a SNK  |b KIS3GCP 
958 |a RK 
992 |a RBX 
999 |c 1587913  |d 1589843